MARC details
| 000 -LEADER |
| campo de control de longitud fija |
03623nkc a2200409za 4500 |
| 001 - NÚMERO DE CONTROL |
| campo de control |
84435 |
| 003 - IDENTIFICADOR DE NÚMERO DE CONTROL |
| campo de control |
OSt |
| 005 - FECHA Y HORA DE LA ÚLTIMA TRANSACCIÓN |
| campo de control |
20260420152854.0 |
| 007 - CAMPO FIJO DE DESCRIPCIÓN FÍSICA--INFORMACIÓN GENERAL |
| campo de control de longitud fija |
kh boc |
| 008 - DATOS DE LONGITUD FIJA--INFORMACIÓN GENERAL |
| campo de control de longitud fija |
250409s1904 sp ||||| |||| 00| i|spa d |
| 040 ## - FUENTE DE CATALOGACIÓN |
| Centro/agencia transcriptor |
M-RABA |
| Centro catalogador/agencia de origen |
M-RABA |
| Lengua de catalogación |
spa |
| 100 ## - ENTRADA PRINCIPAL--NOMBRE DE PERSONA |
| Nombre de persona |
Santos Fernández, Santos |
| Fechas asociadas al nombre |
1860-1935 |
| 9 (RLIN) |
111153 |
| 245 11 - MENCIÓN DEL TÍTULO |
| Título |
[Relieves en Marfil decorativos |
| Resto del título |
: Arqueta de San Felices y Relicario de San Millán] |
| Mención de responsabilidad, etc. |
/ Santos Fernández y Santos |
| Medio |
[Material gráfico] |
| 260 ## - PUBLICACIÓN, DISTRIBUCIÓN, ETC. |
| Fecha de publicación, distribución, etc. |
[ca. 1904] |
| 300 ## - DESCRIPCIÓN FÍSICA |
| Extensión |
13 fotografías |
| Otras características físicas |
: gelatina |
| Dimensiones |
; imagen 16 x 11,5 cm |
| -- |
; soporte secundario 25 x 20 cm |
| 500 ## - NOTA GENERAL |
| Nota general |
Conjunto de 13 fotografías donde se representan diferentes partes de los marfiles del arca de San Felices y de San Millán que se conservan en el monasterio de San Millán de la Cogolla, en La Rioja. |
| 500 ## - NOTA GENERAL |
| Nota general |
Al verso, sello con la inscripción: “Santos Fernández y Santos. Premiado en el Concurso Internacional de Londres en noviembre de 1904 y en el de Bilbao Zaragoza y Haro. San Millán de la Cogolla. Logroño”. |
| 500 ## - NOTA GENERAL |
| Nota general |
Al verso manuscrito a tinta roja en Fot-576/Fot-577. "Marfil del arca de Sn. Felices" -- en Fot-579/Fot-588. "Marfil del arca de Sn Millán" |
| 610 27 - PUNTO DE ACCESO ADICIONAL DE MATERIA--NOMBRE DE ENTIDAD CORPORATIVA |
| Nombre de entidad corporativa o nombre de jurisdicción como elemento de entrada |
Monasterio de San Millán de la Cogolla (Suso, España) |
| 9 (RLIN) |
25374 |
| 651 #7 - PUNTO DE ACCESO ADICIONAL DE MATERIA--NOMBRE GEOGRÁFICO |
| Nombre geográfico |
La Rioja |
| 9 (RLIN) |
75153 |
| 655 #7 - TERMINO DE INDIZACIÓN--GENERO/FORMA |
| Datos o término principal de género/forma |
Fotografías de obras de arte |
| 9 (RLIN) |
75675 |
| 852 ## - LOCALIZACIÓN |
| Número de control de estantería |
Fot-576 ; Fot-577 ; Fot-578 ; Fot-579 ; Fot-580 ; Fot-581 ; Fot-582 ; Fot-583 ; Fot-584 ; Fot-585 ; Fot-586 ; Fot-587 ; Fot-588 |
| 856 ## - LOCALIZACIÓN Y ACCESO ELECTRÓNICOS |
| Materiales especificados |
Fot-576 |
| Identificador Uniforme de Recurso |
<a href="https://archivoybiblioteca.realacademiabellasartessanfernando.com/cgi-bin/koha/opac-retrieve-file.pl?id=b6584a5db5ea13334f9ee6eb45e81449">https://archivoybiblioteca.realacademiabellasartessanfernando.com/cgi-bin/koha/opac-retrieve-file.pl?id=b6584a5db5ea13334f9ee6eb45e81449</a> |
| 856 ## - LOCALIZACIÓN Y ACCESO ELECTRÓNICOS |
| Materiales especificados |
Fot-577 |
| Identificador Uniforme de Recurso |
<a href="https://archivoybiblioteca.realacademiabellasartessanfernando.com/cgi-bin/koha/opac-retrieve-file.pl?id=73f184a705f5c36600a68f88f2f939ad">https://archivoybiblioteca.realacademiabellasartessanfernando.com/cgi-bin/koha/opac-retrieve-file.pl?id=73f184a705f5c36600a68f88f2f939ad</a> |
| 856 ## - LOCALIZACIÓN Y ACCESO ELECTRÓNICOS |
| Materiales especificados |
Fot-578 |
| Identificador Uniforme de Recurso |
<a href="https://archivoybiblioteca.realacademiabellasartessanfernando.com/cgi-bin/koha/opac-retrieve-file.pl?id=70332dbdae067ba0ddad4b6604637a1f">https://archivoybiblioteca.realacademiabellasartessanfernando.com/cgi-bin/koha/opac-retrieve-file.pl?id=70332dbdae067ba0ddad4b6604637a1f</a> |
| 856 ## - LOCALIZACIÓN Y ACCESO ELECTRÓNICOS |
| Materiales especificados |
Fot-579 |
| Identificador Uniforme de Recurso |
<a href="https://archivoybiblioteca.realacademiabellasartessanfernando.com/cgi-bin/koha/opac-retrieve-file.pl?id=b0fda358de6a3f611d99a9de8c199bdc">https://archivoybiblioteca.realacademiabellasartessanfernando.com/cgi-bin/koha/opac-retrieve-file.pl?id=b0fda358de6a3f611d99a9de8c199bdc</a> |
| 856 ## - LOCALIZACIÓN Y ACCESO ELECTRÓNICOS |
| Materiales especificados |
Fot-580 |
| Identificador Uniforme de Recurso |
<a href="https://archivoybiblioteca.realacademiabellasartessanfernando.com/cgi-bin/koha/opac-retrieve-file.pl?id=b2b87aaac20ccd26516b24cc1a76516e">https://archivoybiblioteca.realacademiabellasartessanfernando.com/cgi-bin/koha/opac-retrieve-file.pl?id=b2b87aaac20ccd26516b24cc1a76516e</a> |
| 856 ## - LOCALIZACIÓN Y ACCESO ELECTRÓNICOS |
| Materiales especificados |
Fot-581 |
| Identificador Uniforme de Recurso |
<a href="https://archivoybiblioteca.realacademiabellasartessanfernando.com/cgi-bin/koha/opac-retrieve-file.pl?id=80069584655f55668e420908aab10575">https://archivoybiblioteca.realacademiabellasartessanfernando.com/cgi-bin/koha/opac-retrieve-file.pl?id=80069584655f55668e420908aab10575</a> |
| 856 ## - LOCALIZACIÓN Y ACCESO ELECTRÓNICOS |
| Materiales especificados |
Fot-582 |
| Identificador Uniforme de Recurso |
<a href="https://archivoybiblioteca.realacademiabellasartessanfernando.com/cgi-bin/koha/opac-retrieve-file.pl?id=b981c8c892e1d3f4542b0aacf622b274">https://archivoybiblioteca.realacademiabellasartessanfernando.com/cgi-bin/koha/opac-retrieve-file.pl?id=b981c8c892e1d3f4542b0aacf622b274</a> |
| 856 ## - LOCALIZACIÓN Y ACCESO ELECTRÓNICOS |
| Materiales especificados |
Fot-583 |
| Identificador Uniforme de Recurso |
<a href="https://archivoybiblioteca.realacademiabellasartessanfernando.com/cgi-bin/koha/opac-retrieve-file.pl?id=418fe7d229ca42748720bbd03b533ed1">https://archivoybiblioteca.realacademiabellasartessanfernando.com/cgi-bin/koha/opac-retrieve-file.pl?id=418fe7d229ca42748720bbd03b533ed1</a> |
| 856 ## - LOCALIZACIÓN Y ACCESO ELECTRÓNICOS |
| Materiales especificados |
Fot-584 |
| Identificador Uniforme de Recurso |
<a href="https://archivoybiblioteca.realacademiabellasartessanfernando.com/cgi-bin/koha/opac-retrieve-file.pl?id=4d58a1d9aacf54e3847b9ad88db549d4">https://archivoybiblioteca.realacademiabellasartessanfernando.com/cgi-bin/koha/opac-retrieve-file.pl?id=4d58a1d9aacf54e3847b9ad88db549d4</a> |
| 856 ## - LOCALIZACIÓN Y ACCESO ELECTRÓNICOS |
| Materiales especificados |
Fot-585 |
| Identificador Uniforme de Recurso |
<a href="https://archivoybiblioteca.realacademiabellasartessanfernando.com/cgi-bin/koha/opac-retrieve-file.pl?id=550817b480d5d5fb04a521a8931f2e95">https://archivoybiblioteca.realacademiabellasartessanfernando.com/cgi-bin/koha/opac-retrieve-file.pl?id=550817b480d5d5fb04a521a8931f2e95</a> |
| 856 ## - LOCALIZACIÓN Y ACCESO ELECTRÓNICOS |
| Materiales especificados |
Fot-586 |
| Identificador Uniforme de Recurso |
<a href="https://archivoybiblioteca.realacademiabellasartessanfernando.com/cgi-bin/koha/opac-retrieve-file.pl?id=d038416b70f5ac4c91703b0961409ac0">https://archivoybiblioteca.realacademiabellasartessanfernando.com/cgi-bin/koha/opac-retrieve-file.pl?id=d038416b70f5ac4c91703b0961409ac0</a> |
| 856 ## - LOCALIZACIÓN Y ACCESO ELECTRÓNICOS |
| Materiales especificados |
Fot-587 |
| Identificador Uniforme de Recurso |
<a href="https://archivoybiblioteca.realacademiabellasartessanfernando.com/cgi-bin/koha/opac-retrieve-file.pl?id=4cc7a01129769baaeeec974ddf33d048">https://archivoybiblioteca.realacademiabellasartessanfernando.com/cgi-bin/koha/opac-retrieve-file.pl?id=4cc7a01129769baaeeec974ddf33d048</a> |
| 856 ## - LOCALIZACIÓN Y ACCESO ELECTRÓNICOS |
| Materiales especificados |
Fot-588 |
| Identificador Uniforme de Recurso |
<a href="https://archivoybiblioteca.realacademiabellasartessanfernando.com/cgi-bin/koha/opac-retrieve-file.pl?id=a12c71313e22e3f74213f9ef4c54f115">https://archivoybiblioteca.realacademiabellasartessanfernando.com/cgi-bin/koha/opac-retrieve-file.pl?id=a12c71313e22e3f74213f9ef4c54f115</a> |
| 942 ## - ELEMENTOS DE ENTRADA SECUNDARIOS (KOHA) |
| Fuente de la clasificación o esquema de estantería |
Clasificación Decimal Dewey |
| Tipo de ítem Koha |
Fotografías |
| Suprimir en OPAC |
No |